كتاب الكنوز

محفوظ في:

المؤلف الرئيسي: أحمد كمال.

التنسيق: كتاب

اللغة: Undetermined

الوسوم: إضافة وسم

لا توجد وسوم, كن أول من يضع وسما على هذه التسجيلة!

رقم الطلب: A10 KUNU

LEADER 00273nam a2200109Ia 4500
008 240404s9999||||xx |||||||||||||| ||und||
050 4 |a A10 KUNU 
100 1 |a أحمد كمال. 
245 1 0 |a كتاب الكنوز  |c أحمد كمال 
300 |a 185  |c 28 
942 |2 lcc  |c BK 
999 |c 58186  |d 58186